| 000 | 00505nam a2200181Ia 4500 | ||
|---|---|---|---|
| 003 | GCL | ||
| 008 | 140319s9999 xx 000 0 eng d | ||
| 040 |
_aGCL / _cGCL |
||
| 082 | 0 | 4 |
_a658.4038 _bC D |
| 100 | 1 | _aCOURTNEY, JAMES F. | |
| 245 | 1 | 0 |
_aDATABASE SYSTEMS FOR MANAGEMENT, 2ND ED / _cCOURTNEY, JAMES F. |
| 700 | 1 | _aPARSDICE, DAVID B. | |
| 260 |
_a[S.N] : _bIRWIN ، _c1992 |
||
| 300 | _a561 P | ||
| 650 | 0 | 4 | _aDATA BASE MANAGEMENT |
| 650 | 0 | 4 | _aMANAGEMENT - INFORMATION SYSTEM |
| 942 |
_2ddc _cBK |
||
| 999 |
_c19312 _d19312 |
||